Airlines anhand von Hinweisen (schwer) - Statistiken

Allgemein
  • Dieses Quiz wurde 317 mal gespielt
  • Das Durchschnittsergebnis liegt bei 5 aus 10
Antwortstatistiken
Hinweis Antwort % Korrekt
Eine der günstigsten Airlines, kommt aus Irland Ryanair
97%
Hat die meisten A380er in ihrer Flotte Emirates
87%
Airline des Längsten Fluges: Singapur-New York Singapore Airlines
68%
Hat ein Kleeblatt als Logo Aer Lingus
64%
Größte Frachtfluggesellschaft der Welt FedEx
53%
Größte Flotte aller Airlines American Airlines
52%
Älteste Airline, die immer noch im Betrieb ist KLM
46%
wgerunois (richtige Reihenfolge) Eurowings
27%
Wurde wegen Corona am 4.März 2020 eingestellt Flybe
17%
Airline mit den meisten Abstürzen Vietnam Airlines
4%
Keine übereinstimmenden Quizze gefunden
Verteilung der Resultate
Anzahl Personen mit jedem Resultat
Perzentil nach korrekt beantworteten Fragen
Ihre Resultats-Entwicklung
Sie haben dieses Quiz noch nicht gespielt